| 000 | 00962cam a2200289 i 4500 | ||
|---|---|---|---|
| 001 | 17463552 | ||
| 005 | 20170105102846.0 | ||
| 008 | 120914s2013 nyu b 001 0 eng | ||
| 010 | _a 2012027354 | ||
| 020 | _a9781441159052 (alk. paper) | ||
| 020 | _a9781441151667 (pdf) | ||
| 020 | _a9781441113191 (epud) | ||
| 040 |
_aDLC _beng _cDLC _erda |
||
| 042 | _apcc | ||
| 043 |
_aa-is--- _aa-aw--- |
||
| 050 | 0 | 0 |
_aDS110.76 _b.B83 2013 |
| 082 | 0 | 0 |
_a956.94054 _223 |
| 100 | 1 |
_aBudd, Eric N., _d1963- |
|
| 245 | 1 | 0 |
_aConflicted Are the Peacemakers : _bIsraeli and Palestinian Moderates and the Death of Oslo / _cEric N. Budd. |
| 300 |
_aviii, 201 pages ; _c24 cm |
||
| 504 | _aIncludes bibliographical references (pages 179-198) and index. | ||
| 650 | 0 |
_aArab-Israeli conflict _y1993- _xPeace. |
|
| 650 | 0 |
_aPeace-building _zMiddle East. |
|
| 906 |
_a7 _bcbc _corignew _d1 _eecip _f20 _gy-gencatlg |
||
| 942 |
_2ddc _cBK |
||
| 999 |
_c14061 _d14061 |
||